Torschützenkönige in der Geschichte des OSC Lille - Statistiken

Allgemein
  • Dieses Quiz wurde 5 mal gespielt
  • Das Durchschnittsergebnis liegt bei 1 aus 10
Antwortstatistiken
Tore Nationalität Spieler % Korrekt
77 Kanada / Vereinigte Staaten Jonathan David
100%
50 Belgien Eden Hazard
40%
51 Frankreich André Guy
0%
82 Frankreich André Strappe
0%
64 Frankreich Bernard Lefèvre
0%
54 Frankreich Christian Coste
0%
60 Frankreich Gérard Bourbotte
0%
62 Frankreich Jean Vincent
0%
62 Frankreich Pierre Pleimelding
0%
62 Frankreich Yvon Douis
0%
Keine übereinstimmenden Quizze gefunden
Verteilung der Resultate
Anzahl Personen mit jedem Resultat
Perzentil nach korrekt beantworteten Fragen
Ihre Resultats-Entwicklung
Sie haben dieses Quiz noch nicht gespielt